Malaysian journal of consumer (Record no. 21690)

MARC details
000 -LEADER
fixed length control field 01009nam a2200301#a 4500
001 - CONTROL NUMBER
control field 00043
003 - CONTROL NUMBER IDENTIFIER
control field HDC
007 - PHYSICAL DESCRIPTION FIXED FIELD--GENERAL INFORMATION
fixed length control field ta
008 - FIXED-LENGTH DATA ELEMENTS--GENERAL INFORMATION
fixed length control field 230623s2001 xx 000 0 eng d
020 ## - INTERNATIONAL STANDARD BOOK NUMBER
International Standard Book Number 1511998X (pbk.).
040 ## - CATALOGING SOURCE
Original cataloging agency HDC
050 ## - LIBRARY OF CONGRESS CALL NUMBER
Classification number jrn JPM HF 5415.3
Item number .J86 2007
110 ## - MAIN ENTRY--CORPORATE NAME
Corporate name or jurisdiction name as entry element Jurnal pengguna Malaysia
245 #0 - TITLE STATEMENT
Title Malaysian journal of consumer
264 ## - PRODUCTION, PUBLICATION, DISTRIBUTION, MANUFACTURE, AND COPYRIGHT NOTICE
Place of production, publication, distribution, manufacture Serdang, Selangor :
Name of producer, publisher, distributor, manufacturer Kementerian Perdagangan Dalam Negeri dan Hal Ehwal Pengguna,
Date of production, publication, distribution, manufacture, or copyright notice [2001]-
300 ## - PHYSICAL DESCRIPTION
Extent ii,166p. :
Other physical details ill. ;
Dimensions 20cm
500 ## - GENERAL NOTE
General note j.9 (Dec 2007)
650 ## - SUBJECT ADDED ENTRY--TOPICAL TERM
Topical term or geographic name entry element Consumer education
Geographic subdivision Malaysia
Form subdivision Periodicals
650 ## - SUBJECT ADDED ENTRY--TOPICAL TERM
Topical term or geographic name entry element Consumer protection
Geographic subdivision Malaysia
Form subdivision Periodicals
650 ## - SUBJECT ADDED ENTRY--TOPICAL TERM
Topical term or geographic name entry element Consumers
Geographic subdivision Malaysia
Form subdivision Periodicals
700 ## - ADDED ENTRY--PERSONAL NAME
Personal name Malaysia.
Numeration Kementerian Perdagangan Dalam Negeri dan Hal Ehwal Pengguna
700 ## - ADDED ENTRY--PERSONAL NAME
Personal name Persatuan Ekonomi Pengguna dan Keluarga Malaysia
700 ## - ADDED ENTRY--PERSONAL NAME
Personal name Persatuan Ekonomi Pengguna dan Keluarga Malaysia
942 ## - ADDED ENTRY ELEMENTS (KOHA)
Source of classification or shelving scheme Library of Congress Classification
942 ## - ADDED ENTRY ELEMENTS (KOHA)
Koha item type Book
942 ## - ADDED ENTRY ELEMENTS (KOHA)
Call number prefix jrn JPM HF 5415.3
942 ## - ADDED ENTRY ELEMENTS (KOHA)
Call number suffix .J86 2007
Holdings
Withdrawn status Lost status Source of classification or shelving scheme Damaged status Not for loan Collection Home library Current library Shelving location Date acquired Total checkouts Full call number Date last seen Price effective from Koha item type
    Library of Congress Classification     Non-fiction Halal Development Corporation Library Halal Development Corporation Library Reference 17/11/2020   jrn JPM HF 5415.3 .J86 2007 24/05/2023 24/05/2023 Book
Halal Development Corporation Berhad (HDC)
5.02 Level 5, KPMG Tower, First Avenue, Persiaran Bandar Utama, 47800 Petaling Jaya, Selangor Darul Ehsan
Phone: +603 7965 5489 Email: [email protected]